000 004480000a22001690004500
003 MACL
005 20151227134941.0
008 151227b xxu||||| |||| 00| 0 eng d
040 _aMACL
_cmacl
041 _aEnglish
082 _a020/
100 _aCalcutta
_923107
245 _aCatalogue
_bPART 2 VOL 2
260 _bSuperintendent Government Printing
_c1910
_aCalcutta
650 _aLibrary & Information Science
_916991
942 _cBK
_k020
_2ddc
999 _c37274
_d37274